| 000 | 01155cam a2200289 4500 | ||
|---|---|---|---|
| 008 | 090401t1993 xxu||||| |||| 00| 0 eng d | ||
| 020 | _a0632020814 | ||
| 035 | _a(Sirsi) u36286 | ||
| 041 | _aeng | ||
| 050 | _a692.8 | ||
| 100 | _aChappell, David | ||
| 245 | 4 | _aThe JCT design and build contract. | |
| 260 |
_aOxford _bBlackwell Scientific Publications _c1993 |
||
| 300 | _ax,292p. ; 24cm. | ||
| 350 | _a35 | ||
| 520 | _aSUPERSEDED BY 2ND EDITION (ISBN 0632048999). | ||
| 520 | _aThis book provides a practical guide to the contract in general and an authoritative reference to appropriate case law. Where appropriate, the text is illustrated with examples of the way the contract works. A separate chapter considers the Scottish building contract with contractor` s design. | ||
| 650 | _aBUILT ENVIRONMENT-BUILDING CONTRACT FORMS | ||
| 650 | _aDESIGN AND BUILD CONTRACTS | ||
| 650 | _aDESIGN AND BUILD | ||
| 650 | _aEMPLOYERS AGENT | ||
| 650 | _aJCT STANDARD FORM OF CONTRACT WITH CONTRACTORS DESIGN | ||
| 690 | _aBUILT ENVIRONMENT-BUILDING CONTRACT FORMS | ||
| 700 | _aPowell-Smith, Vincent | ||
| 942 | _n0 | ||
| 948 | _c04/03/1997 | ||
| 999 |
_c90241 _d90241 |
||